Handbuch Feinbearbeitung

Na minha lista:
Detalhes bibliográficos
Formato: Livro
Idioma:alemão
Publicado em: Berlin : VEB Verlag Technik, 1979
Tags: Adicionar Tag
Sem tags, seja o primeiro a adicionar uma tag!

MARC

LEADER 00000nam a22000003a 4500
001 stu36719
005 20150408180759.0
008 920618s1979----gw------------------ger-d
040 |a STU  |b slo 
041 0 |a ger 
044 |a gw 
245 |a Handbuch Feinbearbeitung 
260 |a Berlin :  |b VEB Verlag Technik,  |c 1979 
300 |a 474 s 
996 |b 284M062480  |c M*7272-2  |l MMKN  |s A  |a 24  |w stu36719_0001